000 00716nam a2200217 i 4500
001 bg
100 1 _aGUTKOWSKI, Bogdan
245 1 0 _aAktualne przepisy w ochronie środowiska :
_bsuplement 2 : [poradnik] /
_c[Bogdan Gutkowski] ; Agencja Ochrony Środowiska w Koszalinie.
250 _aStan prawny na dzień 25.02.2002 r.
260 _aKoszalin :
_bAOŚ,
_c2002.
300 _a150 s. ;
_c30 cm.
650 9 _aŚrodowisko człowieka
_xochrona
_xprawo
_zPolska
_ystan na 2002 r.
710 0 _aAgencja Ochrony Środowiska (Koszalin)
020 _a8391534545
040 _cBPK
041 0 _apl
080 _a504:349.6](438)
920 _a83-915345-4-5
942 _cKS
008 s pl f |000 0 pol
999 _c40804
_d40804
856 _uhttp://koha.tu.koszalin.pl/cgi-bin/koha/opac-detail.pl?biblionumber=40804
_yKatalog online BPK